Using social theory : thinking through research
Αποθηκεύτηκε σε:
| Άλλοι συγγραφείς: | , , |
|---|---|
| Μορφή: | Βιβλίο |
| Γλώσσα: | English |
| Δημοσίευση: |
London :
SAGE Publications, Open University,
2003
|
| Θέματα: | |
| Ετικέτες: |
Προσθήκη ετικέτας
Δεν υπάρχουν, Καταχωρήστε ετικέτα πρώτοι!
|
MARC
| LEADER | 00000nam a2200000 i 4500 | ||
|---|---|---|---|
| 001 | 1/97767 | ||
| 008 | 081120s2003 eng d | ||
| 020 | |a 0-7619-4377-3 | ||
| 035 | |l 10101842 | ||
| 040 | |a GR-MY-UA |b gre |e aacr | ||
| 041 | 0 | |a eng | |
| 082 | 0 | |a 300.723 |2 (22) | |
| 245 | 1 | 0 | |a Using social theory : |b thinking through research / |c edited by Michael Pryke, Gillian Rose, and Sarah Whatmore |
| 260 | |a London : |b SAGE Publications, |b Open University, |c 2003 | ||
| 300 | |a viii, 196 σ.; |b εικ.; |c 25 εκ. | ||
| 500 | |a Σε συνεργασία με το Open University | ||
| 504 | |a Βιβλιογραφία: σ. [183]-191 | ||
| 504 | |a Ευρετήριο: σ. [192]-196 | ||
| 650 | 0 | 0 | |a Social sciences |x Research. |
| 700 | 1 | |a Pryke, Michael |d 1955- |4 edt | |
| 700 | 1 | |a Rose, Gillian |d 1962- |4 edt | |
| 700 | 1 | |a Whatmore, Sarah. |4 edt | |
| 852 | |a INST |b LESVOS |e 20081120 |h 300.723 USI |p 005100043509 |q 005100043509 |t BK |y 0 | ||
| 901 | |a BIBL1-2008-3 | ||
| 909 | |a Λ |b 157305 | ||
| 920 | |a ΕΠΕΑΕΚ ΠΜΣ ΓΥΝΑΙΚΕΣ ΚΑΙ ΦΥΛΑ |y ΛΕΣΒΟΣ |z 2008-09 | ||
| 970 | |a ΚΑΡΑ |b ΓΙΑΣΕΜΗ |z 2008/11/20 | ||